<The> little data book on private sector development 2008

Gespeichert in:
Bibliographische Detailangaben
Format: Buch
Sprache:Englisch
Veröffentlicht: Washington, D.C. <The> World Bank 2008
Schriftenreihe:World development indicators
Schlagworte:
Tags: Tag hinzufügen
Keine Tags, Fügen Sie das erste Tag hinzu!

MARC

LEADER 00000nam$a2200000$$$4500
001 0078412
005 20240313135007.6
020 |a 978-0-8213-7430-6 
041 0 |a eng 
044 |a US 
245 1 0 |a <The> little data book on private sector development 2008 
264 1 |a Washington, D.C.  |b <The> World Bank  |c 2008 
300 |a 232 s. 
490 1 |a World development indicators 
830 0 |a World development indicators 
610 2 0 |a krajiny rozvojové 
610 2 0 |a krajiny tranzitívne 
610 2 0 |a krajiny vyspelé 
610 2 0 |a údaje štatistické 
610 2 0 |a sektor súkromný 
610 2 0 |a investície 
610 2 0 |a príjmy 
610 2 0 |a ukazovatele ekonomické 
610 2 0 |a ukazovatele sociálne 
610 2 0 |a prostredie podnikateľské 
610 2 0 |a financie 
610 2 0 |a bankovníctvo 
610 2 0 |a infraštruktúra 
610 2 0 |a porovnanie štatistické medzinárodné 
610 2 0 |a svet 
610 2 0 |a 2008